| 000 | 01600cam a22002174a 4500 | ||
|---|---|---|---|
| 005 | 20250605164222.0 | ||
| 008 | 250528s ||||||||||||||||||||||||d | ||
| 035 | _a20707 | ||
| 020 | _a415137993 | ||
| 040 |
_aGR-AtMCL _bgre _dGR-AtMCL _eAACR2 |
||
| 245 | 1 | _aEmotions in Social Life / Critical Themes and Contemporary Issues | |
| 250 | _a1st | ||
| 260 |
_bRouledge, _c1998 |
||
| 300 | _a338 | ||
| 520 | _aThis book provides a comprehensive ''state of the art'' assessment of the sociology of emotions drawing upon work from scholars of international stature, as well as newer writers in the field. Acknowledgements, Introduction: Emotions in Social Life: Mapping the Sociological Terrain, Critical Perspectives on Emotions, The Sociology of Emotion as a Way of Seeing, Emotion and Communicative Action: Habermas and Linguistic Philosophy and Existentialism, The Limitations of Cultural Constructionism in the Study of Emotion, The Socio genesis of Emotion: A Historical Sociology, The Mediation of Emotional Experience, ''Bored and Blaze'': Television and the Emotions and Georg Simmel, In Search of the Inner Child: Co-Dependency and Gender in a Cyberspace Community, Emotions and Cyberspace and the ''Virtual'' Body: A Critical Appraisal, Emotions and the Body Through the Life-Course, Ageing and the Emotions, Sexuality and Intimacy and Personal Relations, Masculinity and Violence and Emotional Life, Emotions and Health, Emotions and Pain and Gender, Index. | ||
| 700 | 1 |
_aBendelow Gilliam _96668 |
|
| 700 | 1 |
_aWilliams Simon J _96669 |
|
| 942 | _cBK | ||
| 999 |
_c5792 _d5792 |
||